Judge each case on its individual merits (Record no. 73907)

MARC details
000 -LEADER
fixed length control field 01112cam a2200205 4500
001 - CONTROL NUMBER
control field ABS67355
008 - FIXED-LENGTH DATA ELEMENTS--GENERAL INFORMATION
fixed length control field 031201n2003 000 0 eng u
035 ## - SYSTEM CONTROL NUMBER
System control number (Sirsi) u124541
245 ## - TITLE STATEMENT
Title Judge each case on its individual merits
260 ## - PUBLICATION, DISTRIBUTION, ETC.
Date of publication, distribution, etc. 2003
490 ## - SERIES STATEMENT
Series statement Estates Gazette
Volume/sequential designation (0344) 1 November 2003, 166(1)
520 ## - SUMMARY, ETC.
Summary, etc. Argues that care should be taken not to rely too much on case law to lay down concrete rules on the application of law. Asks what should happen when cases contradict each other as illustrated by "Marazzi and another v Global Grange Ltd" ([2003] EWHC 3010 (Ch), Abs66997) and "Ivory Grove Ltd v Global Grange Ltd" ([2003] EWHC 1407 (Ch), Abs66998). Each gave contradictory judgment upheld on appeal, as to whether works to upgrade hotel premises were sufficiently substantial to disentitle the tenants from having a new tenancy.
590 ## - LOCAL NOTE (RLIN)
Local note ABS
650 ## - SUBJECT ADDED ENTRY--TOPICAL TERM
Topical term or geographic name entry element MARAZZI AND ANOTHER V GLOBAL GRANGE LTD
650 ## - SUBJECT ADDED ENTRY--TOPICAL TERM
Topical term or geographic name entry element IVORY GROVE LTD V GLOBAL GRANGE LTD
650 ## - SUBJECT ADDED ENTRY--TOPICAL TERM
Topical term or geographic name entry element STOKES V CAMBRIDGE
650 ## - SUBJECT ADDED ENTRY--TOPICAL TERM
Topical term or geographic name entry element SINGER AND FRIEDLANDER LTD V JOHN D WOOD AND CO
690 ## - LOCAL SUBJECT ADDED ENTRY--TOPICAL TERM (OCLC, RLIN)
Topical term or geographic name as entry element LAW
942 ## - ADDED ENTRY ELEMENTS (KOHA)
Suppress in OPAC 0
Holdings
Withdrawn status Lost status Source of classification or shelving scheme Damaged status Not for loan Home library Current library Shelving location Date acquired Total Checkouts Full call number Barcode Date last seen Copy number Price effective from Koha item type
    Dewey Decimal Classification     London London Journal article 01/12/2003   ABS67355 124541-1001 06/08/2019 1 06/08/2019 Journal article